Quiz de opción múltiple – Buenos Aires - Estadísticas

Estadísticas generales
  • Esta prueba ha sido intentada 1.481 veces
  • La puntuación promedio es 8 de 10
Estadísticas de respuestas
Pregunta Respuesta % Correcto
¿Qué Papa nació en Buenos Aires? Francisco
95%
¿Cuál es el monumento más emblemático de Buenos Aires, inaugurado en 1936? El Obelisco
94%
¿Sobre qué cuerpo de agua se encuentra Buenos Aires? Río de la Plata
94%
¿Cuál de estos bailes se originó en el área de Buenos Aires? Tango
94%
¿Qué capital nacional se encuentra a sólo 200 kilómetros de Buenos Aires? Montevideo
92%
Conocida como la avenida más ancha del mundo, ¿qué vía principal atraviesa la ciudad? Avenida 9 de Julio
78%
¿Qué musical se presenta en Buenos Aires? Evita
71%
¿En qué región de Sudamérica se encuentra Buenos Aires? Las Pampas
68%
¿Qué es lo que supuestamente tiene Buenos Aires per cápita más que cualquier otra gran ciudad del mundo? Librerías
52%
¿Cuál de estos es un apodo de Buenos Aires? El París de Sudamérica
44%
No se encontraron pruebas coincidentes
Distribución de puntuación
Porcentaje de gente con cada puntuación
Porcentaje por número respondido
Historial de tus puntuaciones
No has intentado esta prueba.